000
003260000a22001450004500
003
MACL
040
_a
MACL
090
_c
34003
_d
34001
100
_a
Evans, Huw
245
_a
Getting Started With Wap And WML
260
_b
BPB Publications
_c
2001
350
_a
210
650
_a
Computer probraming
942
_c
BOOK
_k
005.13/Eva
999
_c
33647
_d
33647